[Event "NED-ch U21"]
[Site "Rotterdam"]
[Date "2014.05.02"]
[Round "7"]
[White "Van Overdam, Julian"]
[Black "Lopez, Jasel"]
[Result "1-0"]
[WhiteElo "2325"]
[BlackElo "2203"]
[PlyCount "131"]
[EventDate "2014.04.26"]
[EventType "swiss"]
[EventRounds "9"]
[EventCountry "NED"]
[SourceTitle "EXT 2016"]
[Source "ChessBase"]
[SourceDate "2015.10.08"]
[SourceVersion "1"]
[SourceVersionDate "2015.10.08"]
[SourceQuality "1"]

1. e4 e6 2. d4 d5 3. Nd2 Nf6 4. e5 Nfd7 5. c3 c5 6. Bd3 b6 7. Ne2 Ba6 8. Bxa6 Nxa6 9. 0-0 Nc7 10. Nf4 Be7 11. Qg4 g6 12. Nf3 Qc8 13. h4 Qa6 14. Nh3 h6 15. Qf4 Qd3 16. dxc5 Nxc5 17. Be3 Qe4 18. Qg3 Nd3 19. b3 Nb5 20. Bd2 Rc8 21. Rad1 Nxc3 22. Bxc3 Rxc3 23. Nd2 Qxh4 24. Qxh4 Bxh4 25. Nb1 Nxf2 26. Nxf2 Bxf2+ 27. Kxf2 Rc5 28. Rc1 Ke7 29. Ke3 Rhc8 30. Rxc5 Rxc5 31. Kd3 d4 32. Re1 h5 33. Re2 g5 34. Kxd4 Rc1 35. Nc3 g4 36. g3 f5 37. exf6+ Kxf6 38. Ne4+ Ke7 39. Rh2 Rd1+ 40. Ke3 Rd5 41. Rc2 Ra5 42. Rc7+ Kd8 43. Rh7 Rxa2 44. Rxh5 Ra3 45. Nd2 Kd7 46. Rg5 a5 47. Rxg4 b5 48. Rd4+ Ke7 49. Rd3 Ra1 50. Kd4 a4 51. b4 Rc1 52. Rc3 e5+ 53. Kd3 Rg1 54. Kc2 Kd6 55. Rc5 a3 56. Ne4+ Ke6 57. Kb3 Kf5 58. Nd6+ Kg4 59. Nxb5 Rxg3+ 60. Rc3 e4 61. Rxg3+ Kxg3 62. Kxa3 e3 63. Nc3 Kf4 64. Kb3 Ke5 65. Kc4 Kd6 66. Kd4 1-0

[Event "NED-ch U21"]
[Site "Rotterdam"]
[Date "2014.05.01"]
[Round "6"]
[White "Van Overdam, Julian"]
[Black "Kollen, Zyon"]
[Result "1/2-1/2"]
[WhiteElo "2325"]
[BlackElo "2197"]
[PlyCount "102"]
[EventDate "2014.04.26"]
[EventType "swiss"]
[EventRounds "9"]
[EventCountry "NED"]
[SourceTitle "EXT 2016"]
[Source "ChessBase"]
[SourceDate "2015.10.08"]
[SourceVersion "1"]
[SourceVersionDate "2015.10.08"]
[SourceQuality "1"]

1. e4 e6 2. d4 d5 3. Nd2 Be7 4. Bd3 c5 5. c3 Nc6 6. Ngf3 Nf6 7. e5 Nd7 8. 0-0 Qb6 9. dxc5 Qc7 10. b4 Ndxe5 11. Nxe5 Nxe5 12. Bb5+ Bd7 13. Bxd7+ Qxd7 14. Qe2 Bf6 15. Bb2 Nc6 16. a3 0-0 17. Rad1 Qc7 18. f4 Rfe8 19. Nb3 Rad8 20. Nd4 a6 21. Qd3 Kh8 22. Rde1 e5 23. Nf5 e4 24. Qc2 b5 25. Nd6 Rxd6 26. cxd6 Qxd6 27. Bc1 Ne7 28. Be3 Rc8 29. Bc5 Rxc5 30. bxc5 Qxc5+ 31. Kh1 Qxc3 32. Qf2 Qxa3 33. g4 Bc3 34. Rc1 d4 35. f5 Qd6 36. Qg2 Qd5 37. Rf4 Ng8 38. Rxe4 d3 39. Rd1 d2 40. Re2 Qb3 41. Rexd2 Bxd2 42. Rxd2 Qb1+ 43. Qg1 Qe4+ 44. Rg2 h6 45. h3 Nf6 46. Qc1 Kh7 47. g5 hxg5 48. Qxg5 Qe1+ 49. Rg1 Qe4+ 50. Rg2 Qe1+ 51. Rg1 Qe4+ 1/2-1/2